Globální prognózy energetických zdrojů

Gespeichert in:
Bibliographische Detailangaben
1. Verfasser: Chaloupka, Jindřich
Format: Buch
Sprache:Tschechisch
Veröffentlicht: Praha Ústředí vědeckých, technických a ekonomických informací 1986
Tags: Tag hinzufügen
Keine Tags, Fügen Sie das erste Tag hinzu!

MARC

LEADER 00000nam a2200000 4500
001 c103368
005 20190620112723.1
041 0 |a cze 
044 |a CZ 
245 1 0 |a Globální prognózy energetických zdrojů  |c Jindřich Chaloupka 
264 1 |a Praha  |b Ústředí vědeckých, technických a ekonomických informací  |c 1986 
300 |a 59 s. 
100 1 |a Chaloupka, Jindřich